<?xml version="1.0" encoding="UTF-8"?>
<record
    xmlns:xsi="http://www.w3.org/2001/XMLSchema-instance"
    xsi:schemaLocation="http://www.loc.gov/MARC21/slim http://www.loc.gov/standards/marcxml/schema/MARC21slim.xsd"
    xmlns="http://www.loc.gov/MARC21/slim">

  <leader>02773nam a2200289 a 4500</leader>
  <controlfield tag="001">BRCA_2826</controlfield>
  <controlfield tag="005">20190320204003.0</controlfield>
  <controlfield tag="008">091208s1916----sp-#---###---#000-0#spa-u</controlfield>
  <datafield tag="041" ind1=" " ind2=" ">
    <subfield code="a">spa</subfield>
  </datafield>
  <datafield tag="044" ind1=" " ind2=" ">
    <subfield code="a">sp</subfield>
  </datafield>
  <datafield tag="084" ind1=" " ind2=" ">
    <subfield code="a">262</subfield>
    <subfield code="b">.E87</subfield>
    <subfield code="c">1916</subfield>
  </datafield>
  <datafield tag="100" ind1="1" ind2=" ">
    <subfield code="a">Cervantes Saavedra, Miguel de</subfield>
    <subfield code="d">1547-1616</subfield>
    <subfield code="9">213</subfield>
  </datafield>
  <datafield tag="245" ind1="1" ind2="0">
    <subfield code="a">Estudio hist&#xF3;rico-topogr&#xE1;fico de El Ingenioso Hidalgo Don Quixote de la Mancha</subfield>
    <subfield code="b">deducido de su lectura, y aplicando las leyendas de importantes sucesos y las consejas populares de la &#xB4;Regi&#xF3;n Beturiana&#xB4;, con conocimiento exacto del terreno que describi&#xF3; Cervantes, donde la tradici&#xF3;n conserva los nombres que justifican los pasajes m&#xE1;s culminantes de esta fant&#xE1;stica obra</subfield>
    <subfield code="c">Miguel de Cervantes Saavedra.</subfield>
  </datafield>
  <datafield tag="260" ind1=" " ind2=" ">
    <subfield code="a">Madrid</subfield>
    <subfield code="b">Imprenta Espa&#xF1;ola</subfield>
    <subfield code="c">1916</subfield>
  </datafield>
  <datafield tag="300" ind1=" " ind2=" ">
    <subfield code="a">2 v.</subfield>
    <subfield code="c">24 cm.</subfield>
  </datafield>
  <datafield tag="500" ind1=" " ind2=" ">
    <subfield code="a">Contenido : v 1. Primera parte. Advertencia al lector por Francisco de la Jara. Retrato de Cervantes por el mismo comentador. Prisi&#xF3;n real de Cervantes. La Mancha. Vindicaci&#xF3;n de Beturia. Cr&#xED;ticas y correcciones al libro. Preliminares &#xED;ntegras de la edici&#xF3;n Pr&#xED;ncipe. Texto. -- v 2. Segunda parte. El Buscapi&#xE9;. Aviso por Hamete. Aprobaciones y pr&#xF3;logo de la obra de A. de Castro. Deducciones. Advertencia del comentador. Preliminares &#xED;ntegras de la edici&#xF3;n pr&#xED;ncipe. A&#xF1;adida de un cap&#xED;tulo por el comentador. Texto</subfield>
  </datafield>
  <datafield tag="500" ind1=" " ind2=" ">
    <subfield code="a">Public&#xF3; esta edici&#xF3;n Juan Francisco de la Jara y S&#xE1;nchez de Molina, para restablecer el texto primitivo, tal y como sali&#xF3; de la pluma de su autor, y desembarazado, por tanto, de las alteraciones introducidas en &#xE9;l por anotadores cervantinos. As&#xED; lo afirma. Pero adopta por modelo el texto de la edici&#xF3;n de 1608, o sea, la tercera de Cuesta, modernizando su ortograf&#xED;a; pone al frente del tomo segundo el Buscapi&#xE9; de Castro, que sostiene estar escrito por Cervantes sin aducir razones para probar su aserto, imposibles por otra parte, de encontrar, pues la cr&#xED;tica ha fallado ya terminantemente este ruidoso pleito, declarando ser ap&#xF3;crifa esa obra atribuida al genio alcala&#xED;no; todo lo cual resulta disparatado incurriendo en el mismo error que fustiga y dando a muchos pasajes interpretaciones que, por descabelladas recuerdan las m&#xE1;s estrafalarias y pintorescas del esoterismo agudo. Semitela; lomeras decoradas con filetes dorados L&#xFA;dovik Osterc</subfield>
  </datafield>
  <datafield tag="500" ind1=" " ind2=" ">
    <subfield code="a">QMB36</subfield>
  </datafield>
  <datafield tag="650" ind1="1" ind2="4">
    <subfield code="a">Novela espa&#xF1;ola</subfield>
    <subfield code="y">&#xC9;poca cl&#xE1;sica, 1500-1700</subfield>
    <subfield code="9">215</subfield>
  </datafield>
  <datafield tag="650" ind1="1" ind2="4">
    <subfield code="a">Literatura espa&#xF1;ola</subfield>
    <subfield code="y">&#xC9;poca cl&#xE1;sica, 1500-1700</subfield>
    <subfield code="9">216</subfield>
  </datafield>
  <datafield tag="650" ind1="1" ind2="4">
    <subfield code="a">Novela espa&#xF1;ola</subfield>
    <subfield code="y">Siglo XVII</subfield>
    <subfield code="9">217</subfield>
  </datafield>
  <datafield tag="650" ind1="1" ind2="4">
    <subfield code="a">Don Quijote (Personaje ficticio)</subfield>
    <subfield code="e">Novela</subfield>
    <subfield code="9">218</subfield>
  </datafield>
  <datafield tag="700" ind1="1" ind2=" ">
    <subfield code="a">Jara y S&#xE1;nchez de Molina, Juan Francisco de la</subfield>
    <subfield code="e">Anotador</subfield>
    <subfield code="9">7925</subfield>
  </datafield>
  <datafield tag="740" ind1="0" ind2=" ">
    <subfield code="a">El Ingenioso Hidalgo Don Quijote de la Mancha</subfield>
  </datafield>
  <datafield tag="902" ind1=" " ind2=" ">
    <subfield code="a">QFM</subfield>
  </datafield>
  <datafield tag="942" ind1=" " ind2=" ">
    <subfield code="2">lcc</subfield>
    <subfield code="c">B</subfield>
  </datafield>
  <datafield tag="999" ind1=" " ind2=" ">
    <subfield code="c">2566</subfield>
    <subfield code="d">2566</subfield>
  </datafield>
  <datafield tag="952" ind1=" " ind2=" ">
    <subfield code="0">0</subfield>
    <subfield code="1">0</subfield>
    <subfield code="4">0</subfield>
    <subfield code="7">0</subfield>
    <subfield code="a">BRCA</subfield>
    <subfield code="b">BRCA</subfield>
    <subfield code="d">2008-12-09</subfield>
    <subfield code="i">QMB36</subfield>
    <subfield code="l">0</subfield>
    <subfield code="o">262 .E87 1916 (QMB36)</subfield>
    <subfield code="p">2823</subfield>
    <subfield code="r">2019-03-22 00:00:00</subfield>
    <subfield code="w">2019-03-22</subfield>
    <subfield code="y">B</subfield>
  </datafield>
</record>
